|
|
|
|
| LEADER |
00943nam a22002412a 4500 |
| 001 |
000273387 |
| 003 |
CZ BrMZK |
| 005 |
20110818135626.0 |
| 007 |
ta |
| 008 |
980107s1979 xr f cze d |
| 015 |
|
|
|a cnb000395280
|
| 035 |
|
|
|a (OCoLC)35801822
|
| 040 |
|
|
|a BOA001
|b cze
|
| 100 |
1 |
|
|a Lev, Ota
|7 jx20050318007
|4 aut
|
| 245 |
1 |
0 |
|a Sociálně politická a vzdělávací problematika v rozvojových zemích :
|b (výběrová bibliografie) /
|c zpracoval Ota Lec
|
| 260 |
|
|
|a Praha :
|b Ústav školských informací při ministerstvu školství ČSR,
|c 1979
|
| 300 |
|
|
|a 209 s.
|
| 910 |
|
|
|a BOA001
|b PK-0087.012
|b 2-0814.340
|
| 920 |
|
|
|a 000378677
|
| 964 |
|
|
|a Školství - země rozvojové - bibliografie výběrové
|
| 990 |
|
|
|a BK
|
| 996 |
7 |
|
|b 2619812670
|c 2-0814.340
|l MZK
|r Sklad / do 1 hodiny
|n 1
|w 000273387
|u 000020
|a 1
|e BOA001
|j MZK50
|s A
|
| 996 |
7 |
|
|b 3119814708
|c PK-0087.012
|l MZK
|r Sklad / do 1 hodiny
|n 1
|w 000273387
|u 000010
|a 1
|e BOA001
|j MZK50
|s A
|